000 00541cam a2200193 4500
001 D7669
008 090401t1958 xxu||||| |||| 00| 0 eng d
035 _a(Sirsi) u8789
041 _aeng
050 _a693.97
110 _aOrganisation for European Economic Co-Operation
_92079
245 _aPrefabricated building: a survey of some European systems
260 _aParis
_bOrganisation for European Economic Co-Op
_c1958
300 _a126p. illus. 27cm
350 _a0.63
490 _aProject 226
942 _n0
948 _c04/03/1997
999 _c86564
_d86564